00214nam a2200085Ia 4500008004100000041000800041100001900049245002600068260003400094231107s1996 xx 000 0 und d aeng aEdward De Bono aTeach Your Self Think aNew DelhibPenguin Bookc1996